[Event "HWT 2010"]
[Site "?"]
[Date "2010.01.08"]
[Round "1"]
[White "Schatz, Walter"]
[Black "Melzer, Jürgen"]
[Result "1-0"]
[WhiteElo "2232"]
[BlackElo "1843"]
[PlyCount "64"]

{69MB, NAME-CD5FDA878D} 1. Nf3 Nf6 2. c4 c5 3. Nc3 Nc6 4. d4 cxd4 5. Nxd4 g6 6.
e4 d6 7. Be2 Bg7 8. Be3 Bd7 9. O-O O-O 10. Qd2 Rc8 11. f3 b6 12. Rac1 Nxd4 13.
Bxd4 Ne8 14. Bxg7 Kxg7 15. Rcd1 e5 16. f4 Qe7 17. Nd5 Qd8 18. fxe5 dxe5 19. Nb4
Rc7 20. Na6 Rb7 21. Qd5 Qc8 22. Qxe5+ f6 23. Qc3 Bc6 24. Bf3 Re7 25. Nb4 Bxe4
26. Rfe1 Qb7 27. Rxe4 Rxe4 28. Rd4 Rxd4 29. Bxb7 Rd1+ 30. Kf2 Nd6 31. Bf3 Re8
32. Nd5 Re5 1-0

[Event "HWT 2010"]
[Site "Berlin"]
[Date "2010.01.08"]
[Round "1"]
[White "Müller, Johannes"]
[Black "Reichenbach, Werner"]
[Result "0-1"]
[WhiteElo "1807"]
[BlackElo "2188"]
[PlyCount "60"]
[TimeControl "40/7200:0/0:0/0"]

{69MB, NAME-CD5FDA878D} 1. e4 {[%emt 0:00:00]} d6 2. d4 Nf6 3. Bd3 g6 4. Ne2 c5
5. c3 cxd4 6. cxd4 Bg7 7. O-O Nc6 8. Nbc3 O-O 9. h3 d5 10. e5 Ne8 11. Be3 Nb4
12. Bb1 Nc7 13. a3 Nc6 14. f4 e6 15. g4 f6 16. Kh2 Bd7 17. Bd3 Rc8 18. Rc1 Ne7
19. Ng3 Nc6 20. b4 fxe5 21. fxe5 Rxf1 22. Qxf1 Qh4 23. Qg2 Bh6 24. Qd2 Nxd4 25.
Rf1 Bxe3 26. Qxe3 Nc6 27. b5 Nd8 28. Qc5 Nf7 29. Rf6 Nxe5 30. Qe7 Nxg4+ 0-1

[Event "HWT 2010"]
[Site "?"]
[Date "2010.01.08"]
[Round "1"]
[White "Jahnz, Fabian"]
[Black "Lang, Martin"]
[Result "1-0"]
[WhiteElo "2173"]
[BlackElo "1804"]
[PlyCount "33"]

{69MB, NAME-CD5FDA878D} 1. e4 e5 2. Nf3 Nc6 3. Bc4 Bc5 4. c3 Nf6 5. d3 O-O 6.
O-O d6 7. Bb3 Bg4 8. h3 Bh5 9. Re1 h6 10. Nbd2 Qe7 11. Nf1 Rae8 12. Ng3 Bg6 13.
Nh4 Bh7 14. Ngf5 Qd7 15. Qf3 Bxf5 16. Nxf5 Nh7 17. Qg4 1-0

[Event "HWT 2010"]
[Site "Berlin"]
[Date "2010.01.08"]
[Round "1"]
[White "Lenz, Tobias"]
[Black "Pfeffer, Ruprecht"]
[Result "0-1"]
[WhiteElo "1800"]
[BlackElo "2172"]
[PlyCount "106"]
[TimeControl "40/7200:0/0:0/0"]

{69MB, NAME-CD5FDA878D} 1. e4 {[%emt 0:00:00]} c5 2. c3 d5 3. exd5 Qxd5 4. Nf3
Nc6 5. Na3 Bg4 6. Be2 e5 7. O-O e4 8. Ne1 Bxe2 9. Qxe2 O-O-O 10. f3 f5 11. fxe4
Qxe4 12. Qf2 g6 13. d3 Qg4 14. h3 Qh5 15. Bf4 Nf6 16. Nc4 Nd5 17. Bh2 Nb6 18.
Ne5 Nxe5 19. Bxe5 Rg8 20. Bh2 Nd5 21. Nc2 b6 22. Rae1 Bd6 23. Bxd6 Rxd6 24. Re5
Rgd8 25. d4 Nf6 26. Ree1 Ne4 27. Qf4 Rd5 28. Rf3 g5 29. Qc1 g4 30. Rfe3 gxh3
31. Rxh3 Qg6 32. Qh6 Ng5 33. Qh5 Nxh3+ 34. Qxh3 h5 35. Ne3 Re8 36. Kf2 Rd7 37.
Qf3 Kb8 38. Qf4+ Qd6 39. Qf3 Qh6 40. d5 Qg5 41. c4 h4 42. Nf1 Rxe1 43. Kxe1
Qc1+ 44. Kf2 Qxb2+ 45. Kg1 Qd4+ 46. Kh2 Qxc4 47. Ne3 Qe4 48. Qf2 Qe5+ 49. Kg1
Qg3 50. Qxf5 Qxe3+ 51. Kh2 Qg3+ 52. Kg1 h3 53. Kf1 h2 0-1

[Event "HWT 2010"]
[Site "Berlin"]
[Date "2010.01.08"]
[Round "1"]
[White "Lüders, Gerhard"]
[Black "Sander, Dirk"]
[Result "1-0"]
[WhiteElo "2162"]
[BlackElo "1783"]
[PlyCount "71"]
[TimeControl "40/7200:0/0:0/0"]

{69MB, NAME-CD5FDA878D} 1. Nf3 {[%emt 0:00:00]} Nf6 2. b3 d5 3. Bb2 e6 4. c4 c5
5. cxd5 exd5 6. d4 b6 7. e3 Be7 8. Ne5 O-O 9. Bd3 Bb7 10. O-O Nbd7 11. Nd2 Ne4
12. Nxe4 dxe4 13. Bc4 Nxe5 14. dxe5 Qxd1 15. Rfxd1 Rfd8 16. e6 f6 17. a4 Rxd1+
18. Rxd1 Kf8 19. Rd7 Bc6 20. Rc7 Be8 21. g4 Bd8 22. Rb7 Rc8 23. Rxa7 Rc7 24.
Ra8 Ke7 25. g5 Bc6 26. gxf6+ gxf6 27. Bxf6+ Kxf6 28. Rxd8 Ke7 29. Rb8 Rb7 30.
Rg8 Kd6 31. Rf8 b5 32. axb5 Bxb5 33. Rf7 Bc6 34. Kg2 Rxf7 35. exf7 Ke7 36. Kg3
1-0

[Event "HWT 2010"]
[Site "Berlin"]
[Date "2010.01.08"]
[Round "1"]
[White "Kasper, Mike"]
[Black "Gebigke, Martin"]
[Result "0-1"]
[WhiteElo "1774"]
[BlackElo "2138"]
[PlyCount "64"]
[TimeControl "40/7200:0/0:0/0"]

{69MB, NAME-CD5FDA878D} 1. e4 {[%emt 0:00:00]} d6 2. d4 Nf6 3. Nc3 g6 4. f4 Bg7
5. Nf3 O-O 6. Bc4 Nxe4 7. Nxe4 d5 8. Bd3 dxe4 9. Bxe4 c5 10. d5 Nd7 11. c4 b5
12. O-O Bb7 13. cxb5 Nf6 14. Bc2 Nxd5 15. Ne5 Qc7 16. Nc4 Rad8 17. Qg4 Nb4 18.
Bb3 Bc8 19. Qe2 Bf5 20. Ne5 Rd6 21. g4 Bd3 22. Nxd3 Nxd3 23. Be3 c4 24. Bc2
Nxb2 25. Rab1 Rfd8 26. f5 Nd3 27. fxg6 hxg6 28. Rf3 Re6 29. Rbf1 Bd4 30. Kh1
Qb7 31. Bxd3 Rxe3 32. Bxc4 Rxe2 0-1

[Event "HWT 2010"]
[Site "Berlin"]
[Date "2010.01.08"]
[Round "1"]
[White "Welz, Dr. Peter"]
[Black "Gehrke, Karsten"]
[Result "1-0"]
[WhiteElo "2066"]
[BlackElo "1772"]
[PlyCount "133"]
[TimeControl "40/7200:0/0:0/0"]

{69MB, NAME-CD5FDA878D} 1. e4 {[%emt 0:00:00]} e6 2. d4 c5 3. c3 b6 4. Bd3 Bb7
5. Ne2 Nc6 6. O-O cxd4 7. cxd4 Nf6 8. Nbc3 d6 9. a3 Be7 10. b4 a6 11. Bb2 O-O
12. Rc1 Rc8 13. Bb1 e5 14. d5 Nb8 15. f4 Nbd7 16. f5 Ng4 17. Qd3 Bg5 18. Rce1
Be3+ 19. Kh1 Nf2+ 20. Rxf2 Bxf2 21. Rf1 Bh4 22. Qh3 Bg5 23. Ng1 Bd2 24. Nce2
Qg5 25. Nf3 Qe3 26. Neg1 Nf6 27. Rd1 Bxb4 28. axb4 Qb3 29. Rd2 Qxb4 30. Qh4 Rc4
31. Bd3 Nxe4 32. Re2 Bxd5 33. Bxc4 Qxc4 34. Qe1 Nf6 35. Ba3 Rd8 36. Qd1 b5 37.
Rc2 Qa4 38. Qc1 Bc4 39. Bb2 Qa5 40. h3 Qb6 41. Qe1 a5 42. Bc3 a4 43. Ba5 Qb8
44. Bxd8 Qxd8 45. Rd2 Qc7 46. Rc2 a3 47. Qa1 Ne4 48. h4 Qd7 49. Qxa3 Ng3+ 50.
Kh2 Nf1+ 51. Kh3 Qxf5+ 52. g4 Qc8 53. Rxc4 bxc4 54. Kg2 Qxg4+ 55. Kxf1 h5 56.
Qxd6 e4 57. Qd8+ Kh7 58. Ng5+ Kg6 59. Qd4 Qxh4 60. Nxe4 Qf4+ 61. Ke2 f5 62.
Qb6+ Kh7 63. Nf2 Qe5+ 64. Kf1 Qa1+ 65. Kg2 Qe5 66. Nf3 Qd5 67. Nh3 1-0

[Event "HWT 2010"]
[Site "?"]
[Date "2010.01.08"]
[Round "1"]
[White "König, Frank"]
[Black "Kohtz, Andreas"]
[Result "0-1"]
[WhiteElo "1767"]
[BlackElo "2001"]
[PlyCount "69"]

{69MB, NAME-CD5FDA878D} 1. Nf3 Nf6 2. g3 g6 3. Bg2 Bg7 4. O-O O-O 5. d3 d5 6.
Nbd2 c5 7. e4 dxe4 8. dxe4 Nc6 9. Qe2 e5 10. c3 Qe7 11. Nc4 Rd8 12. Bg5 h6 13.
Bxf6 Bxf6 14. Ne3 Be6 15. Nd2 Qc7 16. h4 Ne7 17. c4 Nc6 18. Nd5 Bxd5 19. exd5
Nd4 20. Qd3 Bg7 21. Nf3 f5 22. Nxd4 cxd4 23. b4 e4 24. Qb3 Qe5 25. a4 b6 26.
Kh2 g5 27. hxg5 hxg5 28. f3 Rd6 29. f4 Rh6+ 30. Kg1 gxf4 31. Rxf4 d3 32. Ra2
Qd4+ 33. Kf1 Be5 34. Rxf5 Rf8 35. Raf2 0-1

[Event "HWT 2010"]
[Site "?"]
[Date "2010.01.08"]
[Round "1"]
[White "Zur, Jan"]
[Black "Semmler, Reinhardt"]
[Result "1-0"]
[WhiteElo "1964"]
[BlackElo "1742"]
[PlyCount "59"]

{69MB, NAME-CD5FDA878D} 1. e4 d5 2. exd5 Qxd5 3. Nc3 Qa5 4. d4 c6 5. Nf3 Bg4 6.
h3 Bh5 7. Bc4 e6 8. g4 Bg6 9. Ne5 Nd7 10. Nxg6 hxg6 11. Bf4 Ngf6 12. Qf3 Nb6
13. Bb3 Bb4 14. O-O Bxc3 15. bxc3 Nbd5 16. Bd2 Qc7 17. c4 Nb6 18. Bf4 Qd7 19.
Be5 O-O-O 20. Rfd1 Rh7 21. Bg3 Na8 22. Kg2 Nc7 23. Rd3 Rdh8 24. Rh1 g5 25. d5
exd5 26. cxd5 c5 27. Rc3 Na6 28. Bc4 Nb4 29. a3 Nbxd5 30. Bxd5 1-0

[Event "HWT 2010"]
[Site "?"]
[Date "2010.01.08"]
[Round "1"]
[White "Kohlmeyer, Dagobert"]
[Black "Hoppensack, Manfred"]
[Result "1-0"]
[WhiteElo "1740"]
[BlackElo "1952"]
[PlyCount "98"]

{69MB, NAME-CD5FDA878D} 1. e4 e6 2. d4 d5 3. Nc3 Nf6 4. Bg5 dxe4 5. Nxe4 Be7 6.
Bxf6 gxf6 7. Nf3 f5 8. Nc3 Bf6 9. Bc4 Nc6 10. Ne2 Qd6 11. c3 Bd7 12. Qd2 Ne7
13. Qh6 Ng8 14. Qh5 h6 15. Bb3 Bg7 16. Qh3 Nf6 17. Ne5 Bc6 18. Nf4 O-O 19. O-O
Ng4 20. Ned3 Kh7 21. Rae1 Rg8 22. f3 Nf6 23. Nxe6 fxe6 24. Rxe6 Qf8 25. Qxf5+
Kh8 26. Nf4 Be8 27. Rxe8 Qxe8 28. Ng6+ Qxg6 29. Qxg6 Rge8 30. g4 Re2 31. g5
hxg5 32. Qxg5 Nh7 33. Qh5 Bf6 34. Bf7 Rf8 35. Rf2 Re1+ 36. Kg2 Re7 37. Bb3 Bg5
38. Kf1 Rfe8 39. Bc2 Re1+ 40. Kg2 R8e7 41. f4 Bf6 42. Bg6 Kg8 43. h3 Nf8 44.
Qd5+ Kg7 45. Bd3 Bh4 46. Rd2 Kh6 47. Bf5 R7e3 48. Qf7 Be7 49. Qg8 Bh4 1-0

[Event "HWT 2010"]
[Site "?"]
[Date "2010.01.08"]
[Round "1"]
[White "Kropman, Alexei"]
[Black "Ziems, Michael"]
[Result "1-0"]
[WhiteElo "1949"]
[BlackElo "1736"]
[PlyCount "60"]

{69MB, NAME-CD5FDA878D} 1. e4 e6 2. d4 d5 3. Nc3 c6 4. Nf3 Bb4 5. e5 Ne7 6. Bd3
c5 7. a3 Bxc3+ 8. bxc3 c4 9. Be2 Nbc6 10. a4 O-O 11. O-O Nf5 12. Re1 Bd7 13.
Bf1 a6 14. Ba3 Re8 15. Qd2 Na7 16. Reb1 b5 17. axb5 Nxb5 18. Bc5 Bc6 19. Qf4
Nxc3 20. Rb6 Bb5 21. g4 Nh4 22. Rb7 f5 23. exf6 Nxf3+ 24. Qxf3 Qxf6 25. Qxc3
Qg6 26. Qf3 Rac8 27. Bd6 e5 28. Bxe5 Rxe5 29. dxe5 d4 30. Bxc4+ Kh8 1-0

[Event "HWT 2010"]
[Site "?"]
[Date "2010.01.08"]
[Round "1"]
[White "Maetzing, Dr. Hans-Dieter"]
[Black "Steffen, Rico"]
[Result "1-0"]
[WhiteElo "1727"]
[BlackElo "1948"]
[PlyCount "41"]

{69MB, NAME-CD5FDA878D} 1. Nc3 d5 2. e4 d4 3. Nce2 c5 4. Ng3 Nc6 5. Nf3 a6 6.
a4 Bg4 7. h3 Bxf3 8. Qxf3 Nf6 9. Bc4 e6 10. O-O Be7 11. Qe2 Ne5 12. f4 Nxc4 13.
Qxc4 Qd7 14. Qe2 O-O 15. d3 b5 16. b3 Rfc8 17. e5 Nd5 18. f5 exf5 19. Nxf5 Qe6
20. Qg4 Qg6 21. Qe4 1-0

[Event "HWT 2010"]
[Site "?"]
[Date "2010.01.08"]
[Round "1"]
[White "Schäfer, Martin"]
[Black "Wendtland, Ralph"]
[Result "1-0"]
[WhiteElo "1935"]
[BlackElo "1727"]
[PlyCount "101"]

{69MB, NAME-CD5FDA878D} 1. e4 c5 2. Na3 Nc6 3. Bb5 e6 4. Nf3 d5 5. e5 Bd7 6. c3
Nge7 7. O-O Nf5 8. d3 Be7 9. Bf4 g5 10. Bd2 g4 11. Bxc6 Bxc6 12. Ne1 d4 13.
Qxg4 Kd7 14. Qh5 Qg8 15. f3 Bh4 16. Nac2 Qg7 17. g4 Rag8 18. Ng2 Be7 19. Rf2
Ne3 20. Ncxe3 dxe3 21. Bxe3 f5 22. exf6 Qxf6 23. Bxc5 Rg5 24. Bxe7 Qxe7 25. Qh4
h5 26. f4 Rxg4 27. Qxe7+ Kxe7 28. Kf1 Rhg8 29. Ne1 Bb5 30. Ke2 Rd8 31. Rd1 h4
32. Ke3 Rf8 33. Nc2 h3 34. Nd4 Be8 35. Ne2 Bc6 36. Ng3 e5 37. f5 Rh8 38. Ne4
Rd8 39. Rdd2 Rg1 40. Rf3 Rh8 41. Rg3 Rxg3+ 42. Nxg3 Rg8 43. Ne4 Rg1 44. Rf2
Re1+ 45. Re2 Rb1 46. f6+ Kf7 47. Rf2 Re1+ 48. Kd2 Ra1 49. Ng5+ Kf8 50. f7 Rxa2
51. Ne6+ 1-0

[Event "HWT 2010"]
[Site "?"]
[Date "2010.01.08"]
[Round "1"]
[White "Fuchs, Jörg"]
[Black "Giese, Guido"]
[Result "1-0"]
[WhiteElo "1699"]
[BlackElo "1918"]
[PlyCount "81"]

{69MB, NAME-CD5FDA878D} 1. e4 c6 2. d4 d5 3. exd5 cxd5 4. c4 Nf6 5. Nc3 g6 6.
Bd3 Bg7 7. Nge2 O-O 8. Bg5 dxc4 9. Bxc4 Nc6 10. Qd2 Na5 11. Bd3 Be6 12. O-O Rc8
13. Bh6 Nc4 14. Bxc4 Bxc4 15. Bxg7 Kxg7 16. Rfd1 Qa5 17. Ng3 Rfd8 18. Qe3 Rd7
19. Rac1 Be6 20. d5 Bxd5 21. Nxd5 Rxc1 22. Rxc1 Qxd5 23. Re1 b6 24. h4 h5 25.
Qc3 Qd2 26. Qe5 Qd6 27. Qc3 Qc7 28. Qe3 Qc5 29. Qf3 Qc2 30. Qf4 Qd2 31. Qe5 Qd6
32. Qc3 Rc7 33. Qe3 Qc5 34. Qf4 Qd6 35. Qe3 Qc5 36. Qf4 Qd6 37. Qg5 Qc5 38. Qd2
Qc2 39. Qf4 Rd7 40. Qf3 Qxb2 41. Kh2 1-0

[Event "HWT 2010"]
[Site "Berlin"]
[Date "2010.01.08"]
[Round "1"]
[White "Costello, Colin"]
[Black "Arnold, René"]
[Result "1-0"]
[WhiteElo "1917"]
[BlackElo "1689"]
[PlyCount "39"]
[TimeControl "40/7200:0/0:0/0"]

{69MB, NAME-CD5FDA878D} 1. c4 {[%emt 0:00:00]} c5 2. Nc3 Nc6 3. Nf3 g6 4. g3
Bg7 5. Bg2 e6 6. O-O Nge7 7. d4 Nxd4 8. Nxd4 cxd4 9. Nb5 Qb6 10. e3 O-O 11.
Nxd4 Rd8 12. b3 d5 13. Ba3 Nf5 14. Nxf5 exf5 15. Bxd5 Bxa1 16. Qxa1 Be6 17. Bg2
Rd7 18. Qe5 Qd8 19. Bb2 Kf8 20. Qh8+ 1-0

[Event "HWT 2010"]
[Site "?"]
[Date "2010.01.08"]
[Round "1"]
[White "Kretzschmar, Jan"]
[Black "Slepuschkin, Sheniz"]
[Result "0-1"]
[WhiteElo "1666"]
[BlackElo "1911"]
[PlyCount "70"]

{69MB, NAME-CD5FDA878D} 1. d4 f5 2. Nf3 Nf6 3. g3 b6 4. Bg2 Bb7 5. O-O e6 6. c4
h6 7. Nc3 Bb4 8. Nb1 O-O 9. a3 Be7 10. Nc3 Ne4 11. Qc2 Nxc3 12. Qxc3 d6 13. Rd1
Nd7 14. b4 a5 15. Bb2 Bf6 16. Qb3 Qe7 17. Bc3 axb4 18. axb4 Be4 19. Nd2 Bxg2
20. Kxg2 Kh8 21. Ra3 Rxa3 22. Qxa3 e5 23. Nb3 exd4 24. Bxd4 Qxe2 25. Qc1 Ne5
26. Bxe5 Qe4+ 27. Kg1 Bxe5 28. Nd2 Qg4 29. Qc2 f4 30. Qb3 fxg3 31. hxg3 Qe2 32.
f4 Bxf4 33. gxf4 Rxf4 34. Nf1 Qf2+ 35. Kh1 Rh4+ 0-1

[Event "HWT 2010"]
[Site "Berlin"]
[Date "2010.01.08"]
[Round "1"]
[White "Nietsch, Horst"]
[Black "Bandsom, Olaf"]
[Result "1-0"]
[WhiteElo "1910"]
[BlackElo "1657"]
[PlyCount "77"]
[TimeControl "40/7200:0/0:0/0"]

{69MB, NAME-CD5FDA878D} 1. Nf3 {[%emt 0:00:00]} Nc6 2. g3 b6 3. Bg2 Bb7 4. d4
d5 5. O-O e6 6. b3 Bd6 7. Bb2 Nf6 8. Nbd2 O-O 9. Re1 Re8 10. Ne5 Nd7 11. f4 f6
12. Nxc6 Bxc6 13. e4 dxe4 14. Nxe4 Bxe4 15. Bxe4 Rb8 16. Qd3 Nf8 17. Bc6 Re7
18. Qa6 Ng6 19. Rad1 Rf7 20. f5 Ne7 21. fxe6 Rf8 22. Be4 f5 23. Bg2 f4 24. gxf4
Bxf4 25. Qe2 Qd6 26. Be4 Rf6 27. h3 Nf5 28. Bxf5 Rxf5 29. e7 Re8 30. Qc4+ Kh8
31. Re6 Bh2+ 32. Kh1 Qg3 33. Qc6 Qf3+ 34. Qxf3 Rxf3 35. Kxh2 Rf2+ 36. Kg1 Rxc2
37. Rf1 Kg8 38. Ba3 Rxa2 39. Rf8+ 1-0

[Event "HWT 2010"]
[Site "Berlin"]
[Date "2010.01.08"]
[Round "1"]
[White "Wendt, Rüdiger"]
[Black "Beran, Rolf-Dietrich"]
[Result "0-1"]
[WhiteElo "1654"]
[BlackElo "1895"]
[PlyCount "118"]
[TimeControl "40/7200:0/0:0/0"]

{69MB, NAME-CD5FDA878D} 1. d4 {[%emt 0:00:00]} c5 2. Nf3 Nf6 3. c3 e6 4. Bg5
Be7 5. Nbd2 b6 6. e4 Bb7 7. Bd3 O-O 8. O-O d6 9. Qc2 h6 10. Bf4 Nc6 11. h3 Rc8
12. dxc5 dxc5 13. Bh2 Re8 14. Nc4 b5 15. Ne3 c4 16. Be2 Qb6 17. Rad1 Red8 18.
b3 cxb3 19. axb3 Bc5 20. Rxd8+ Rxd8 21. e5 Nd7 22. Nd1 a5 23. Nb2 Nf8 24. c4
Nb4 25. Qb1 Bxf3 26. Bxf3 Rd2 27. Bg3 Bd4 28. Nd1 Ng6 29. Be4 Bxe5 30. Bxe5
Nxe5 31. Qc1 Rd4 32. Bb1 bxc4 33. bxc4 Rxc4 34. Qd2 Rc8 35. Ne3 Rd8 36. Qc3
Nec6 37. Rc1 Qd4 38. Qb3 Qe5 39. Nc4 Qg5 40. Ne3 Nd4 41. Qb2 e5 42. Rc5 Rb8 43.
Be4 Qe7 44. Rc4 g6 45. Kh1 Qd6 46. f4 Nbc6 47. Qd2 exf4 48. Rxc6 Qe5 49. Ng4
Qg7 50. Rd6 Ne6 51. Bd5 h5 52. Bxe6 hxg4 53. Bxg4 Rb1+ 54. Kh2 Kh7 55. Qxa5 Ra1
56. Qg5 Qc3 57. Qxf4 Ra7 58. Bd7 Qb3 59. Qh4+ Kg7 {(ZÜ)} 0-1

[Event "HWT 2010"]
[Site "?"]
[Date "2010.01.08"]
[Round "1"]
[White "Küster, Manfred"]
[Black "Campe, Ulrich"]
[Result "1-0"]
[WhiteElo "1884"]
[BlackElo "1636"]
[PlyCount "85"]

{69MB, NAME-CD5FDA878D} 1. d4 d6 2. e4 Nd7 3. c4 e5 4. d5 Ngf6 5. Nc3 Be7 6.
Nf3 O-O 7. Be2 c6 8. O-O cxd5 9. cxd5 a6 10. h3 h6 11. Be3 b5 12. b4 Bb7 13.
Nd2 Rc8 14. Rc1 Nh7 15. f4 f5 16. exf5 exf4 17. Bxf4 Nhf6 18. Bf3 Nb6 19. Nb3
Nc4 20. Nd4 Nd7 21. Qd3 Nde5 22. Bxe5 Nxe5 23. Qe4 Qb6 24. Kh1 Rc4 25. Nce2
Rfc8 26. Rxc4 Rxc4 27. a3 Bf6 28. Rc1 Rxc1+ 29. Nxc1 Qc7 30. Nc6 Qd7 31. Ne2
Nxf3 32. gxf3 Bc8 33. Qe6+ Kf8 34. Nf4 Qxe6 35. fxe6 Bb7 36. Nd3 Bxc6 37. dxc6
Bd8 38. Nf4 Ke7 39. Nd5+ Kxe6 40. c7 Bxc7 41. Nxc7+ Ke5 42. Nxa6 Kf4 43. Nc7
1-0

[Event "HWT 2010"]
[Site "?"]
[Date "2010.01.08"]
[Round "1"]
[White "Ostwald, Tobias"]
[Black "Strehlow, Horst"]
[Result "0-1"]
[WhiteElo "1606"]
[BlackElo "1879"]
[PlyCount "64"]

{69MB, NAME-CD5FDA878D} 1. f4 Nf6 2. Nf3 d6 3. d4 g6 4. e3 Bg7 5. Be2 O-O 6. c4
c6 7. Nc3 Nbd7 8. O-O Qc7 9. e4 e5 10. d5 Ng4 11. h3 Qb6+ 12. Kh1 Nf2+ 13. Rxf2
Qxf2 14. dxc6 bxc6 15. Qxd6 exf4 16. e5 Qc5 17. Bxf4 Qxd6 18. exd6 Re8 19. Bd3
Nc5 20. Bc2 Bd7 21. Rb1 a5 22. Na4 Nxa4 23. Bxa4 Re4 24. Bg3 Rxc4 25. Bb3 Rc5
26. Bf2 Rf5 27. Re1 Re8 28. Re7 Rxe7 29. dxe7 Bxb2 30. Bg3 Ba3 31. Bh4 Kg7 32.
Ng5 Bxe7 0-1

[Event "HWT 2010"]
[Site "?"]
[Date "2010.01.08"]
[Round "1"]
[White "Krawatzki, Armin"]
[Black "Burkert, Wolfgang"]
[Result "1-0"]
[WhiteElo "1589"]
[BlackElo "1315"]
[PlyCount "93"]

{69MB, NAME-CD5FDA878D} 1. Nf3 d5 2. c4 Nf6 3. g3 c6 4. b3 e6 5. Bb2 Be7 6. Bg2
O-O 7. O-O Re8 8. d3 a5 9. Nc3 d4 10. Nb1 c5 11. Nbd2 Qc7 12. e3 e5 13. e4 Bg4
14. h3 Bd7 15. Ne1 Bc6 16. Ndf3 b6 17. Nh4 g6 18. a4 Nfd7 19. Bc1 Bxh4 20. gxh4
Nf8 21. f4 exf4 22. Bxf4 Qd7 23. Nf3 f6 24. Nh2 h5 25. Ra2 Qe6 26. Rf3 Nbd7 27.
Rg3 Kh7 28. Bf3 Qf7 29. Rag2 Ne5 30. Qf1 Nxf3+ 31. Nxf3 Re6 32. Bd2 Qe7 33. Nh2
Bxe4 34. dxe4 Rxe4 35. Rf2 Nd7 36. Nf3 Re8 37. Ng5+ Kg7 38. Nxe4 Qxe4 39. Qg2
Qxg2+ 40. Rfxg2 Nf8 41. Bf4 Re6 42. Kf1 f5 43. Re2 Re4 44. Bc7 Ne6 45. Rxe4
fxe4 46. Bxb6 Nf4 47. Bxc5 1-0

[Event "HWT 2010"]
[Site "Berlin"]
[Date "2010.01.08"]
[Round "1"]
[White "Geldner, Gerrit"]
[Black "Hall, Oliver"]
[Result "0-1"]
[WhiteElo "1311"]
[BlackElo "1586"]
[PlyCount "106"]
[TimeControl "40/7200:0/0:0/0"]

{69MB, NAME-CD5FDA878D} 1. e4 {[%emt 0:00:00]} c5 2. Nf3 d6 3. d4 cxd4 4. Nxd4
Nf6 5. Nc3 a6 6. Bg5 e5 7. Nf3 Be7 8. h3 Be6 9. Be2 Nc6 10. O-O O-O 11. Qd2 Qc7
12. Rad1 Rfd8 13. Bxf6 Bxf6 14. a3 Rac8 15. Nd5 Bxd5 16. exd5 Nd4 17. c3 Nb3
18. Qd3 Nc5 19. Qc2 Re8 20. Nd2 e4 21. Bg4 Rcd8 22. Rfe1 e3 23. fxe3 Bg5 24.
Nc4 Ne4 25. Qd3 b5 26. Nd2 Nxd2 27. Rxd2 Qc5 28. Rde2 Re5 29. Bf3 Bh4 30. Rf1
Rde8 31. Kh1 Rxe3 32. Rxe3 Qxe3 33. Qxe3 Rxe3 34. Rc1 Re1+ 35. Rxe1 Bxe1 36.
Kg1 Bd2 37. Bg4 Bc1 38. Bc8 a5 39. Ba6 Bxb2 40. Bxb5 Bxa3 41. Kf2 f5 42. Bd7 g6
43. Kf3 Kg7 44. g4 fxg4+ 45. hxg4 Bb2 46. c4 Ba3 47. g5 h6 48. gxh6+ Kxh6 49.
Kg4 Kg7 50. Ba4 Kf6 51. Bc2 Bc1 52. Bd3 a4 53. Bb1 Ke5 0-1

[Event "HWT 2010"]
[Site "?"]
[Date "2010.01.08"]
[Round "1"]
[White "Schmidt, Tobias"]
[Black "Böttcher, Winfried"]
[Result "1-0"]
[WhiteElo "1554"]
[BlackElo "1298"]
[PlyCount "53"]

{69MB, NAME-CD5FDA878D} 1. d4 Nf6 2. Nc3 e6 3. Bg5 Be7 4. e4 h6 5. Bxf6 Bxf6 6.
Nf3 d6 7. Bd3 Nd7 8. Qe2 e5 9. d5 a6 10. O-O-O O-O 11. h4 Nc5 12. Rdg1 Bg4 13.
g3 Nxd3+ 14. Qxd3 Rc8 15. Nd2 Be7 16. f3 Bd7 17. Qe2 b5 18. f4 f6 19. Qh2 h5
20. f5 Be8 21. g4 Bf7 22. Qg3 Kh7 23. gxh5 Rg8 24. Qf3 Qe8 25. Rg6 Bxg6 26.
hxg6+ Kh6 27. h5 1-0

[Event "HWT 2010"]
[Site "?"]
[Date "2010.01.08"]
[Round "1"]
[White "Krawczyk, Harald"]
[Black "Peglow, Uwe-Karsten"]
[Result "1-0"]
[WhiteElo "1533"]
[BlackElo "1209"]
[PlyCount "85"]

{69MB, NAME-CD5FDA878D} 1. e4 e5 2. Nf3 Nc6 3. Bb5 d6 4. O-O Bd7 5. c3 a6 6.
Ba4 Nf6 7. d3 h6 8. h3 Be7 9. Nbd2 O-O 10. Re1 Qc8 11. Nh2 b5 12. Bb3 Be6 13.
Ndf1 Na5 14. Bc2 c5 15. Ng3 Nc6 16. f4 exf4 17. Bxf4 Ne5 18. Bxe5 dxe5 19. Rf1
Qd7 20. Qe2 Rad8 21. Kh1 Qc8 22. Nf5 Bxf5 23. Rxf5 Qc7 24. Ng4 Nxg4 25. Qxg4
Bd6 26. Raf1 Kh7 27. Qe2 f6 28. Bb3 Qe7 29. Bd5 g6 30. R5f3 Qg7 31. Qf2 Be7 32.
d4 cxd4 33. cxd4 exd4 34. Qxd4 Rd6 35. Qc3 Bd8 36. Qc5 Qc7 37. Rc1 Qxc5 38.
Rxc5 Bb6 39. Rc1 Kg7 40. Rfc3 g5 41. g4 Ba5 42. Rc6 Rxc6 43. Rxc6 1-0

[Event "HWT 2010"]
[Site "?"]
[Date "2010.01.08"]
[Round "1"]
[White "Schröder, Gert"]
[Black "Torzinski, Stefan"]
[Result "0-1"]
[WhiteElo "1176"]
[BlackElo "1531"]
[PlyCount "74"]

{69MB, NAME-CD5FDA878D} 1. Nf3 Nf6 2. c3 d5 3. d4 e6 4. Qc2 c5 5. dxc5 Bxc5 6.
b4 Bd6 7. e3 e5 8. Bb5+ Bd7 9. Bxd7+ Qxd7 10. O-O Nc6 11. a4 e4 12. Ne1 Qf5 13.
f4 O-O 14. Nf3 Qh5 15. Ng5 Ne7 16. h3 h6 17. g4 Qh4 18. Qf2 Qxf2+ 19. Rxf2 hxg5
20. fxg5 Nd7 21. Nd2 Ne5 22. Ba3 Nd3 23. Rg2 Be5 24. Rf1 Bxc3 25. Nb3 Bxb4 26.
Bxb4 Nxb4 27. Nc5 Ng6 28. Nd7 Rfd8 29. Nf6+ gxf6 30. Rxf6 Nd3 31. Rh2 Nh4 32.
Rc2 Rac8 33. Rxc8 Rxc8 34. Rd6 Nf3+ 35. Kg2 Rc2+ 36. Kg3 Rc1 37. h4 Rg1+ 0-1

[Event "HWT 2010"]
[Site "?"]
[Date "2010.01.08"]
[Round "1"]
[White "Pöltelt, Dr. Helmut"]
[Black "Lischeid, Kilian"]
[Result "1-0"]
[WhiteElo "1504"]
[BlackElo "1168"]
[PlyCount "49"]

{69MB, NAME-CD5FDA878D} 1. e4 e5 2. Nf3 Nc6 3. Bb5 Nf6 4. O-O Bc5 5. c3 O-O 6.
Re1 d6 7. h3 d5 8. exd5 Qxd5 9. Bxc6 bxc6 10. Rxe5 Qd6 11. d4 Ba6 12. Rxc5 Rfe8
13. Re5 Rad8 14. Bf4 Rxe5 15. Bxe5 Qe7 16. Qa4 Be2 17. Nbd2 Qd7 18. Qxa7 Nd5
19. c4 Nb4 20. Qxc7 Qxc7 21. Bxc7 Rd7 22. Re1 Re7 23. Bd6 Re8 24. Bxb4 g6 25.
d5 1-0

[Event "HWT 2010"]
[Site "?"]
[Date "2010.01.08"]
[Round "1"]
[White "Wierzbicki, Jirawat"]
[Black "Greßmann, Moritz"]
[Result "0-1"]
[WhiteElo "1164"]
[BlackElo "1491"]
[PlyCount "38"]

{69MB, NAME-CD5FDA878D} 1. e4 e5 2. Nf3 Nc6 3. d4 exd4 4. Nxd4 Bc5 5. Be3 Qf6
6. c3 Nge7 7. Bc4 Ne5 8. Bb3 d6 9. O-O O-O 10. Re1 Qg6 11. Bf4 Bg4 12. Qd2 h5
13. Kh1 Bxd4 14. cxd4 Nf3 15. Qe3 Nxe1 16. Qxe1 Nc6 17. Qe3 Rfe8 18. f3 Bd7 19.
Nd2 Qf6 0-1

[Event "HWT 2010"]
[Site "?"]
[Date "2010.01.08"]
[Round "1"]
[White "Schlicht, Werner"]
[Black "Grell, Steffen"]
[Result "1/2-1/2"]
[WhiteElo "1264"]
[BlackElo "1549"]
[PlyCount "66"]

{69MB, NAME-CD5FDA878D} 1. d4 Nf6 2. c4 e5 3. dxe5 Ne4 4. Nf3 Nc6 5. Nbd2 Bb4
6. a3 Bxd2+ 7. Bxd2 Nxd2 8. Qxd2 Qe7 9. Qc3 O-O 10. e3 Re8 11. Bd3 Nxe5 12.
Nxe5 Qxe5 13. Qxe5 Rxe5 14. O-O d6 15. Be2 Be6 16. Rfd1 Rd8 17. Rd2 Kf8 18.
Rad1 a5 19. Rd4 b6 20. Bg4 Bxg4 21. Rxg4 Rde8 22. Rgd4 f5 23. g3 Kf7 24. Kg2
Kf6 25. h4 h6 26. Kf3 g6 27. Rd5 R8e6 28. R1d3 Re4 29. R3d4 Rxd4 30. Rxd4 Re5
31. Ke2 Ke6 32. f4 Re4 33. Kd3 Rxd4+ 1/2-1/2

[Event "HWT 2010"]
[Site "?"]
[Date "2010.01.08"]
[Round "1"]
[White "Torzinski, Nils"]
[Black "Baumbach, Dieter"]
[Result "0-1"]
[WhiteElo "1464"]
[BlackElo "1119"]
[PlyCount "38"]

{69MB, NAME-CD5FDA878D} 1. e4 e5 2. Nf3 Nc6 3. Bc4 Nf6 4. Ng5 d5 5. exd5 Nxd5
6. Nxf7 Kxf7 7. Qf3+ Ke8 8. Bxd5 Qf6 9. Bxc6+ Qxc6 10. Qh5+ Kd7 11. O-O Bd6 12.
Qg4+ Ke8 13. Qxg7 Rf8 14. Qxh7 Bf5 15. Qh5+ Rf7 16. d3 Qxc2 17. d4 Bd3 18. dxe5
Bxf1 19. e6 Qxf2+ 0-1

[Event "HWT 2010"]
[Site "?"]
[Date "2010.01.08"]
[Round "1"]
[White "Bischoff, Dietmar"]
[Black "Zur, Gerd"]
[Result "0-1"]
[WhiteElo "1116"]
[BlackElo "1457"]
[PlyCount "28"]

{69MB, NAME-CD5FDA878D} 1. d4 Nf6 2. c4 e6 3. Nc3 Bb4 4. Bd2 O-O 5. e3 Bxc3 6.
Bxc3 Ne4 7. Bb4 c5 8. Ba3 Qa5+ 9. Ke2 b6 10. Nf3 Ba6 11. b3 Nc3+ 12. Kd3 Nxd1
13. Rxd1 Qxa3 14. Rd2 Bxc4+ 0-1